Music Quiz

Random Music or Song Quiz

Jon Foreman Solo Songs Quiz Stats

 Plays Quiz not verified by Sporcle

Challenge
Share
Tweet
Embed
Score 0/30 Timer 05:00
0 Plays Today
Album Song % Correct
Five Score and Seven Years Ago (Duet with Relient K's Matt Thiessen)Deathbed
100%
Fall EPThe Cure for Pain
66.7%
Fall EPSouthbound Train
66.7%
Fall EPLord, Save Me From Myself
66.7%
Fall EPEqually Skilled
66.7%
Fall EPMoon Is a Magnet
66.7%
Fall EPMy Love Goes Free
66.7%
Winter EPLearning How to Die
66.7%
Winter EPBehind Your Eyes
66.7%
Winter EPSomebody's Baby
66.7%
Winter EPWhite As Snow
66.7%
Winter EPIn Love
66.7%
Spring EPLove Isn't Made
66.7%
Spring EPIn My Arms
66.7%
Spring EPBaptize My Mind
66.7%
Album Song % Correct
Spring EPRevenge
66.7%
Summer EPAgain
66.7%
Limbs and BranchesBroken From the Start
66.7%
Limbs and BranchesOver the River
66.7%
Sony/ATV Nashville Classic Covers: Volume OneYour Cheatin' Heart
66.7%
Walk to Remember Soundtrack (Duet with Mandy Moore)Someday We'll Know
66.7%
Winter EPI Am Still Running
33.3%
Spring EPMarch (Prelude to Spring)
33.3%
Spring EPYour Love Is Strong
33.3%
Summer EPA Mirror Is Harder to Hold
33.3%
Summer EPResurrect Me
33.3%
Summer EPInstead of a Show
33.3%
Summer EPHouse of God Forever
33.3%
Summer EPDeep In Your Eyes (There Is a River)
0%
Maybe Tomorrow (Duet with Molly Jensen)Do You Only Love the Ones Like You
0%

You're not logged in!

Compare scores with friends on all Sporcle quizzes.
OR
Log In

You Might Also Like...

Show Comments

Extras

Top Quizzes Today


Score Distribution

Your Account Isn't Verified!

In order to create a playlist on Sporcle, you need to verify the email address you used during registration. Go to your Sporcle Settings to finish the process.

Report this User

Report this user for behavior that violates our Community Guidelines.

Details: